Premier League (England): Rekordspieler - Statistiken

Allgemein
  • Dieses Quiz wurde 212 mal gespielt
  • Das Durchschnittsergebnis liegt bei 7 aus 20
Antwortstatistiken
Spiele Zeitraum Vereine Name % Korrekt
611 1995-2015 WestHam, Chelsea, ManCity Frank Lampard
80%
491 2002-2018 Everton, ManUnited Wayne Rooney
80%
504 1998–2015 Liverpool Steven Gerrard
78%
632 1992-2014 ManUnited Ryan Giggs
70%
499 1993-2013 ManUnited Paul Scholes
66%
492 1998–2017 Chelsea John Terry
57%
503 1995-2015 WestHam, Leeds, ManUnited, Queens Park Rio Ferdinand
51%
638* seit 2002 Leeds, Newcastle, Aston, ManCity, Liverpool, Brighton James Milner
48%
508 1996–2013 Liverpool Jamie Carragher
39%
505 1994–2013 ManUnited, Everton Phil Neville
30%
467 2002-2019 Aston, Southampton, Liverpool, Portsmouth, Tottenham, Stoke, Burnley Peter Crouch
26%
503 1992-2011 Tottenham, Arsenal, Portsmouth, Newcastle Sol Campbell
24%
653 1997-2019 Aston, Newcastle, ManCity, Everton, WestBrom Gareth Barry
22%
481 1998-2018 WestHam, Tottenham, ManUnited Michael Carrick
22%
496 1999-2020 WestHam, Tottenham, Portsmouth, Sunderland, Bournemouth Jermain Defoe
18%
572 1992-2010 Liverpool, Aston, WestHam, ManCity, Portsmouth David James
13%
516 1994-2012 Leicester, Liverpool, Birmingham, Wigan, Aston Emile Heskey
6%
514 1997-2016 Middlesbrough, Fulham, Chelsea, Leicester Mark Schwarzer
5%
535 1992-2008 Leeds, Everton, Newcastle, Bolton Gary Speed
2%
469 2002-2016 Newcastle, ManCity, Portsmouth, Everton, Bournemouth Sylvain Distin
1%
Keine übereinstimmenden Quizze gefunden
Verteilung der Resultate
Anzahl Personen mit jedem Resultat
Perzentil nach korrekt beantworteten Fragen
Ihre Resultats-Entwicklung
Sie haben dieses Quiz noch nicht gespielt